Derechos civiles en Estados Unidos Ética, ideologa̕s y cambios de paradigma /

Bibliographic Details
Main Author: Jusdado, Miguel ℓngel
Format: eBook
Language:Spanish
Published: Madrid: Dykinson, 2020
Subjects:
Online Access:Acceso restringido

MARC

LEADER 00000nam a22000007a 4500
005 20200520150440.0
007 cr|||| |||
008 200520s2020 us |||||s|||| 00||0 spa d
020 |a 978-84-1324-674-1 
035 |a 31545 
040 |a vLex 
090 |c 10351  |d 10351 
100 1 |a Jusdado, Miguel ℓngel 
245 1 0 |a Derechos civiles en Estados Unidos  |h [Recurso electrn̤ico] :  |b Ética, ideologa̕s y cambios de paradigma /  |c Miguel ℓngel Jusdado 
256 |a Servicio en ln̕ea 
260 |a Madrid:  |b Dykinson,  |c 2020 
300 |a 1 recurso electrn̤ico 
506 1 |a Disponible solo en los productos indicados  |d vLex Global  |d vLex Global (Academic Edition, excluding Law Schools)  |d vLex Global (Academic Edition, Law Schools) 
650 0 4 |a Derecho Constitucional  |z Estados Unidos 
740 0 |a vLex Libros (Servicio en ln̕ea) 
856 4 0 |u http://vlex.com/source/derechos-civiles-estados-unidos-etica-ideologias-cambios-paradigma-31545  |z Acceso restringido 
942 |c BOOK 
999 0 |a Constitutional right